000 00744cam a22002295a 4500
001 L153547
008 110804s2011 xxk f 000 0 eng d
020 _a9781845923440
035 _a(Sirsi) u153547
041 0 _aeng
050 0 4 _a336.2002463
_c18
100 1 _aHarris, T
245 0 0 _aBusiness and agricultural property relief
250 _a5th ed.
260 _aWest Sussex
_bBloomsbury Professional Ltd.
_c2011
520 _aProvides a practical guide to rules concerning inheritance tax relief for heritage properties, businesses, farms and woodland. Includes worked examples, and considers both legislation and case law.
521 _as
590 _aKA
651 4 _aENGLAND AND WALES
690 _aTAXATION
942 _n0
999 _c112588
_d112588